Statistiken für 100 Digits of Pi

Klicken Sie hier um das Quiz zu spielen!

Allgemein

  • Dieses Quiz wurde 118 mal gespielt
  • Das Durchschnittsergebnis liegt bei 7 aus 21

Antwortstatistiken

HintAntwort% Korrekt
1-514159
91%
first is 3.3.
88%
5-1026535
49%
15-2023846
37%
20-2526433
37%
10-1589793
36%
25-3083279
33%
35-4041971
28%
30-3550288
28%
40-4569399
27%
50-5558209
24%
45-5037510
22%
55-6074944
21%
60-6559230
19%
80-8586280
19%
65-7078164
18%
75-8020899
16%
90-9534211
16%
70-7506286
15%
95-10070679
15%
85-9034825
13%

Verteilung der Resultate

Perzentil nach korrekt beantworteten Fragen

Anzahl Personen mit jedem Resultat

Ihre Resultats-Entwicklung

Sie haben dieses Quiz noch nicht gespielt